|
|
|
|
| LEADER |
01439nam a22003137ia4500 |
| 001 |
001868268 |
| 003 |
CZ BrMZK |
| 005 |
20230816092606.0 |
| 007 |
ta |
| 008 |
230816m19051906xxk er|||||||||||eng d |
| 040 |
|
|
|a BOA001
|b cze
|e rda
|
| 100 |
1 |
|
|a Morley, John,
|d 1838-1923
|7 jn20010316046
|4 aut
|
| 245 |
1 |
4 |
|a The life of William Ewart Gladstone :
|b in two volumes /
|c by John Morley
|
| 250 |
|
|
|a New edition
|
| 264 |
|
1 |
|a London :
|b Macmillan and Co.,
|c 1905-1906
|
| 300 |
|
|
|a 4 svazky ;
|c 22 cm
|
| 336 |
|
|
|a text
|b txt
|2 rdacontent
|
| 337 |
|
|
|a bez média
|b n
|2 rdamedia
|
| 338 |
|
|
|a svazek
|b nc
|2 rdacarrier
|
| 504 |
|
|
|a Obsahuje bibliografické odkazy a rejstřík
|
| 505 |
0 |
|
|a vol. I., [1.] (1809-1872). 1905. viii, 512 stran -- vol. I., [2.] (1809-1872). 1905. strany 514-1026. -- vol. II., [3.] (1872-1898). 1906. viii, 512 stran -- vol. II., [4.] (1872-1898). 1906. strany 513-948
|
| 910 |
|
|
|a BOA001
|b 2-0215.414
|s 1-4
|
| 990 |
|
|
|a BK
|
| 993 |
|
|
|a Y
|
| 991 |
|
|
|b 202307
|
| 996 |
6 |
|
|b 2618756168
|c 2-0215.414
|d 2/4
|v 2/4
|l MZK
|r Sklad / do 24 hodin
|n 0
|w 001935634
|u 000040
|a 1
|e BOA001
|j MZK50
|s P
|
| 996 |
6 |
|
|b 2618756169
|c 2-0215.414
|d 2/3
|v 2/3
|l MZK
|r Sklad / do 24 hodin
|n 0
|w 001935634
|u 000030
|a 1
|e BOA001
|j MZK50
|s P
|
| 996 |
6 |
|
|b 2618756170
|c 2-0215.414
|d 1/2
|v 1/2
|l MZK
|r Sklad / do 24 hodin
|n 0
|w 001935634
|u 000020
|a 1
|e BOA001
|j MZK50
|s P
|
| 996 |
6 |
|
|b 2618756171
|c 2-0215.414
|d 1/1
|v 1/1
|l MZK
|r Sklad / do 24 hodin
|n 0
|w 001935634
|u 000010
|a 1
|e BOA001
|j MZK50
|s P
|